000 00292nam a22001337a 4500
020 _a0-7131-2570-5
082 _a669 COT'I
100 _aCTTRELL, ALAN
_974242
245 _aAN INTRODUCTION TO METALLURGY
250 _a2ND
260 _aLONDON
_bELBS
_c1975
300 _a548P
942 _cBK
999 _c579799
_d579799